000 00688nam a2200217 u 4500
005 20260327064208.0
008 141127s2005 r 000 0 eng d
020 _a8496388204
035 _aUPN01000200905
049 _aI
050 4 _aPZ76.3
_bB3.33
100 1 _aBallesteros, Xosé,
_d1956-
_935610
245 1 3 _aEl gato con botas /
_cadaptación de Xosé Ballesteros a partir del texto de Perrault ; il. Luis Castro Enjamio.
260 _aSevilla, Esp. :
_bKalandraka,
_c2005.
300 _a[24 p.] :
_bil. col.
440 0 _aLibros para soñar
650 4 _aGatos
_vCuentos y leyendas
_911010
650 4 _aCuentos infantiles
_96744
905 _aInfantil
999 _c173006
_d173006